Minis ayithiwasakam (Record no. 2498)
[ view plain ]
| 000 -LEADER | |
|---|---|
| fixed length control field | 00419nam a2200157Ia 4500 |
| 005 - DATE AND TIME OF LATEST TRANSACTION | |
| control field | 20250623022600.0 |
| 008 - FIXED-LENGTH DATA ELEMENTS--GENERAL INFORMATION | |
| fixed length control field | 240331s9999 xx 000 0 und d |
| 020 ## - INTERNATIONAL STANDARD BOOK NUMBER | |
| ISBN | 9559111000 |
| 082 ## - DDC Classification | |
| Item Number - Author Mark | PUN |
| Class No. | 323 |
| 100 ## - MAIN ENTRY--PERSONAL NAME | |
| Personal name | Punchihewa, S.G |
| 245 #0 - TITLE STATEMENT | |
| Title | Minis ayithiwasakam |
| 260 ## - PUBLICATION, DISTRIBUTION, ETC. | |
| Place of publication, distribution, etc. | Colombo |
| Name of publisher, distributor, etc. | MDDR |
| Date of publication, distribution, etc. | 1990 |
| 300 ## - PHYSICAL DESCRIPTION | |
| Extent (e.g. Volumes, Pages etc.) | 72 p ., |
| 500 ## - GENERAL NOTE | |
| General note | A statement from the movement for the Protection of democratic Rights |
| 942 ## - Koha item type (Biblio) | |
| Koha item type | Books in Stacks (Lending) |
| Lost status | Damaged status | Collection code | Home library | Current library | Shelving location | Date acquired | Full call number | Accession Number | Item type |
|---|---|---|---|---|---|---|---|---|---|
| Lending | WERC Library | WERC Library | Social Science Cupboard | 03/31/2024 | 323.4 PUN | 1648 | Books in Stacks (Lending) |
